| 000 | 00468nam a2200157 i 4500 | ||
|---|---|---|---|
| 001 | 85147 | ||
| 003 | ES-MaACL | ||
| 005 | 20230906175206.0 | ||
| 007 | t| | ||
| 008 | 041125s1963 sp ||||1| spa d | ||
| 100 | 1 |
_aJournet, Charles. _967031 |
|
| 245 | 1 | 0 |
_aCharlas acerca de la Gracia / _cCharles Journet ; [versión española de J. de G.]. |
| 260 |
_a[Bilbao] : _bDesclée de Brouwer, _c1963. |
||
| 300 |
_a163 p. ; _c18 cm. |
||
| 852 |
_aES-MaACL _jC-25065 _bR.52245 |
||
| 999 |
_c85147 _d85147 |
||